Motivational leadership

Bibliographic Details
Main Author: TacK, Alfred (Author)
Format: Book
Language:English
Published: Hampshire : Wildwood House Limited 1984
Subjects:

MARC

LEADER 00000cam a2200000 7i4500
001 0000001165
005 20240924.0
008 991125 enk eng
020 |a 0704505487 
040 |a INS   |b eng   |e rda 
090 0 0 |a HF5549.5   |b .M63 1984 
100 1 |a TacK, Alfred ,   |e author 
245 1 0 |a Motivational leadership   |c Alfred Tack 
264 1 |a Hampshire :   |b Wildwood House Limited   |c 1984 
264 4 |c ©1984 
300 |a 239 pages ;   |c 22 cm. 
336 |a text  |2 rdacontent 
337 |a unmediated  |2 rdamedia 
338 |a volume  |2 rdacarrier 
650 0 |a Employee motivation 
650 0 |a Leadership 
650 0 |a Personnal management 
999 |a 0000003429   |b BOOK   |c Open Shelf   |e Default branch